Zpráva o 16. společné schůzi Sněmovny lidu a Sněmovny národů : 2.-19.7.1991 : 6. volební období. 2. část
Uložené v:
| Korporatívny autor: | |
|---|---|
| Médium: | Kniha |
| Jazyk: | Czech |
| Vydané: |
Praha :
Kancelář Federálního shromáždění ČSFR,
1991
|
| Vydanie: | 1. vyd. |
| Témy: | |
| ISBN: |
(brož.) |
| Fyzický popis: |
S. 229-460 |
| Tagy: |
Pridať tag
Žiadne tagy, Buďte prvý kto otaguje tento záznam!
|
Titul je dostupný aj v ... 

MARC
| LEADER | 00000nam a2200000 a 4500 | ||
|---|---|---|---|
| 001 | 000012921 | ||
| 005 | 20050914092104.0 | ||
| 008 | 050701s1991 xr e 000 0 czeo | ||
| 020 | |a (brož.) | ||
| 040 | |a SVKKK |b slo |c SVKKK |e AACR2 | ||
| 041 | 0 | |a cze | |
| 044 | |a xr |c CZ | ||
| 072 | 7 | |a 328 |x Zastupiteľské orgány. Vlády |2 konspekt | |
| 080 | |a 328 |2 1997 | ||
| 080 | |a (437) |2 1997 | ||
| 080 | |a (055) |2 1997 | ||
| 110 | 1 | |a Česko-Slovensko. |b Federální shromáždění ČSFR |4 aut | |
| 245 | 1 | 0 | |a Zpráva o 16. společné schůzi Sněmovny lidu a Sněmovny národů : |b 2.-19.7.1991 : 6. volební období. |n 2. část |
| 250 | |a 1. vyd. | ||
| 260 | |a Praha : |b Kancelář Federálního shromáždění ČSFR, |c 1991 | ||
| 300 | |a S. 229-460 | ||
| 610 | 1 | 7 | |a Česko-Slovensko. |b Federální shromáždění ČSFR |x zasadanie 16. |z Praha (Česko) |y 2.-19.7.1991 |2 SVKKKA |
| 655 | 7 | |a stenografické správy |2 SVKKKPH | |
| 655 | 7 | |a uznesenia |2 SVKKKPH | |
| 998 | |a BK | ||
| 090 | |g SCKHL |k Sklad Pribinova 2. posch. |a II.345907 |j 840540 |i B16426 |s Absenčne | ||